कहानीवाले बाबा/ (Record no. 198666)

MARC details
000 -LEADER
fixed length control field 00738nam a22001937a 4500
005 - DATE AND TIME OF LATEST TRANSACTION
control field 20231108152534.0
010 ## - LCCN (DPL NO)
LC control number HIN-126091
020 ## - INTERNATIONAL STANDARD BOOK NUMBER
International Standard Book Number 818891018X
Terms of availability 170.00
035 ## - SYSTEM CONTROL NUMBER
System control number HN-98437
037 ## - SOURCE OF ACQUISITION
Source of stock number/acquisition DBAD/PUB
082 ## - DEWEY DECIMAL CLASSIFICATION NUMBER
Classification number
100 ## - MAIN ENTRY--PERSONAL NAME
Personal name कश्यप,ओमप्रकाश
245 ## - TITLE STATEMENT
Title कहानीवाले बाबा/
Statement of responsibility, etc ओमप्रकाश कश्यप
250 ## - EDITION STATEMENT
Edition statement 1
260 ## - PUBLICATION, DISTRIBUTION, ETC. (IMPRINT)
Place of publication, distribution, etc दिल्ली
Name of publisher, distributor, etc सार्क पब्लिकेशन
Date of publication, distribution, etc 2011
270 ## - ADDRESS
Address 4/1 बाजार गली विश्वास नगर शाहदरा
City दिल्ली
Postal code 110032
300 ## - PHYSICAL DESCRIPTION
Extent 159 पृ.;
Dimensions 22 सेमी (सजिल्द)
942 ## - ADDED ENTRY ELEMENTS (KOHA)
Item type Hindi Books
Source of classification or shelving scheme Dewey Decimal Classification
Classification part
Call number suffix कश्यप
Holdings
Withdrawn status Lost status Not for loan Collection code Home library Current library Date acquired Source of acquisition Cost, normal purchase price Full call number Barcode Copy number Cost, replacement price Koha item type
      Fiction Vinoba Puri Vinoba Puri 04/10/2023 DBAD/PUB 170.00 क कश्यप HN-98437 1 170.00 Hindi Books

© Delhi Public Library
Hit Counter
free hit counter